00737cam a2200217 a 4500008004100000020002300041245010300064260005900167300003400226440003400260500002000294504004100314650002800355650004000383700002100423700001400444730003400458003000100492005001700493040000900510  a0199630232 (pbk.) 00aProtein purification applications :ba practical approach /cedited by E.L.V. Harris and S. Angal. aOxford :bIRL Press at Oxford University Press,c1990. axiv, 179 p. :bill. ;c23 cm. 4aThe Practical approach series aIncludes index. aIncludes bibliographical references. 0aProteinsxPurification. 2aProteinsxisolation & purification.1 aHarris, E. L. V.1 aAngal, S.0 aProtein purification methods.20230123133705.0 cNUST